000 00426 a2200133 4500
001 87736
082 _aPR 113
090 _c41195
_d41195
100 _aNajeeb Malik, Plt Off 68(B) EC
245 _aDesigning of an interference aware routing metric for multi-radio wireless mesh networks
260 _aRisalpur
_bCAE, PAF academy Risalpur
_c2010
300 _axi, 51p.
_eAsad Amir Pirzada, Wg Cdr
500 _aBE Project Reports
942 _aCAE NUST
_kPR 113
999 _c322809
_d322809